000 00482nam a2200181Ia 4500
001 25046
005 20260414151124.0
008 260414t2010||||xx |||||||||||||| ||spa||
041 _aESP
082 _a346.13
_bD67
110 _aGaceta Jurídica
245 0 _aJurisprudencia registral sobre personas jurídicas :
_b(sociedades y asociaciones: 2009-2010)
260 _c2010
300 _a526 páginas :
_c24 cm.
650 _aDER
654 _aCDE
942 _cLIB
_dJUS
_fJUS
_2ddc
_n
999 _c25046
_d25046